Salmo "In te Domine speravi" à 8 voci.

Disimpan dalam:
Butiran Bibliografi
Pengarang Utama: Frescobaldi, Girolamo, 1583-1643.
Pengarang Korporat: Civico museo bibliografico musicale.
Format: Skor Muzik
Bahasa:Latin
Diterbitkan: [16--]
Subjek-subjek:
Penanda-penanda: Tambah Penanda
Tiada Penanda, Jadilah orang pertama menanda rekod ini!
LEADER 00758ndm a2200229 4500
001 007760229-3
005 20020606104010.5
008 980410s16uu xx zza| a nn| lat d
035 0 |a ocm39467132 
040 |a MH-Mu  |c MH-Mu 
100 1 |a Frescobaldi, Girolamo,  |d 1583-1643. 
240 1 0 |a In te, Domine, speravi 
245 0 0 |a Salmo "In te Domine speravi" à 8 voci. 
260 |c [16--] 
300 |a Ms. score ([12] leaves) 
500 |a Manuscript. Original in the Civico museo bibliografico musicale, Bologna (I Bc). 
650 0 |a Choruses, Sacred (Mixed voices), Unaccompanied. 
650 0 |a Psalms (Music)  |x 31st Psalm. 
650 0 |a Music  |x Manuscripts. 
710 2 |a Civico museo bibliografico musicale.  |k Manuscript.  |n Z. 259. 
988 |a 20020608 
906 |0 MH